[Event "FRA-chT4 1415"]
[Site "Champagne Ardennes"]
[Date "2014.12.12"]
[Round "2.3"]
[White "Robert Dehault, Etienne"]
[Black "Caray, Jerome"]
[Result "1-0"]
[WhiteElo "1884"]
[BlackElo "1770"]
[PlyCount "71"]
[EventDate "2014.10.16"]
[EventType "team-tourn"]
[EventRounds "7"]
[EventCountry "FRA"]
[SourceTitle "EXT 2024"]
[Source "ChessBase"]
[SourceDate "2023.10.10"]
[SourceVersion "1"]
[SourceVersionDate "2023.10.10"]
[SourceQuality "1"]

1. d4 d5 2. c4 c6 3. Nc3 Nf6 4. Nf3 e6 5. Qc2 Nbd7 6. Bg5 Be7 7. e3 0-0 8. Bd3 a6 9. c5 b6 10. cxb6 h6 11. Bf4 Qxb6 12. 0-0 Bb7 13. Na4 Qa5 14. Rab1 Nb6 15. Nc5 Bxc5 16. dxc5 Nbd7 17. b4 Qd8 18. Bd6 Re8 19. Nd2 Kh8 20. e4 dxe4 21. Nxe4 Nxe4 22. Bxe4 Nf6 23. Bf3 Nd5 24. Rfe1 a5 25. bxa5 Ba6 26. Qd2 Bb5 27. h3 Rxa5 28. Be2 Qa8 29. Bxb5 cxb5 30. Rb2 b4 31. c6 Qxc6 32. Bxb4 Rb5 33. a3 Reb8 34. Re2 Qd7 35. Bc3 Qa7 36. Qxh6+ 1-0